| 000 | 00410cam a2200157ua 4500 | ||
|---|---|---|---|
| 041 |
_aeng _h |
||
| 082 |
_a828.09 _bCAM/SH |
||
| 100 | _aCampbell, LIly B . | ||
| 245 |
_aShakespeare`s Tragic heroes :Slaves of passion / _cLily B Campbell. _hTextual Documents |
||
| 250 |
_a1 / _b. |
||
| 260 |
_aNew York : _bBarnes & Noble , _c1873. |
||
| 300 | _a296 ; . | ||
| 504 | _a | ||
| 942 | _cBK | ||
| 999 |
_c6853 _d6853 |
||